000 00497nam a2200181 a 4500
001 13231
003 CO-ViMGA
008 141112s2004 ck r 000 u spa d
020 _a9582808713
040 _aCO-ViMGA
_bspa
_cCO-ViMGA
082 0 4 _a920.72 177m
100 1 _aCastro, Margalida
_919399
245 1 0 _aMargalida del manicomio a la luz
260 _aSantafé de Bogotá :
_bIntermedio Editores,
_c1996
300 _a128p
650 1 4 _aCASTRO MARGALIDA - BIOGRAFIA
_919400
942 _2ddc
_cBK
999 _c23979
_d23979